Biblioteca ESET

El buscardor de finales (Registro nro. 768)

Detalles MARC
000 -CABECERA
fixed length control field 00504nam a22001817a 4500
001 - NUMERO DE CONTROL
control field 9789870417347
003 - CONTROL NUMBER IDENTIFIER
control field AR-BeUNQ
005 - FECHA Y HORA DE LA ULTIMA TRANSACCION
control field 20250918144930.0
008 - ELEMENTOS DE LONGITUD FIJA-INFORMACION GENERAL
fixed length control field 250918b |||||||| |||| 00| 0 spa d
040 ## - FUENTE DE CATALOGACION
Agencia de catalogación original AR-BeUNQ
Agencia que realiza la transcripción AR-BeUNQ
Convenciones de la descripción aacr
082 ## - NUMERO DE CLASIFICACION DECIMAL DEWEYMBER
Número de la edición 21
Número de clasificación A863
Número del ítem 60353
100 1# - ASIENTO PRINCIPAL-NOMBRE PERSONAL
Nombre personal De Santis, PAblo
Títulos u otras palabras asociadas al nombre aut.
Fecha asociada al nombre 1963
245 01 - MENCION DE TITULO
Título El buscardor de finales
Mención de responsabilidad, etc De Santis, Pablo
Medio físico libro
250 01 - MENCION DE EDICION
Mención de edición 2da. ed.
260 ## - PUBLICACION, DISTRIBUCION, ETC.
Lugar de publicación, distribución, etc. CABA :
Nombre del editor, distribuidor, etc. Alfaguara,
Fecha de publicación, distribución, etc 2011
500 ## - NOTA GENERAL
Nota general Libro tapa blanda, literatura juvenil
942 ## - ELEMENTOS DE PUNTO DE ACCESO ADICIONAL (KOHA)
Tipo de ítem Koha Libros
Existencias
Estado de retiro Estado de pérdida Ubicación permanente Ubicación actual Ubicación en estantería Fecha de ingreso Signatura topográfica completa Date last seen Tipo de ítem Koha
    Biblioteca ESET - UNQ Biblioteca ESET - UNQ CIRCULACION 06/03/2019 863 06/03/2023 Libros

ESET UNQ

☏ 4365-7188
 Avenida República de Francia 1714 entre Doctor Kenny y Concordia, Ezpeleta, Bs As.
✉ secretaria_eset@unq.edu.ar

Con tecnología Koha